Ambiente y residuos peligrosos

Guardat en:
Dades bibliogràfiques
Autors principals: Nonna, Silvia (autor), Waitzman, Natalia (Autor), Dentone, José María (Autor), Fonseca Ripani, Ezequiel (Autor)
Format: Llibre
Idioma:espanyol
Publicat: Buenos Aires Estudio 2011
Edició:1a. ed
Matèries:
Etiquetes: Afegir etiqueta
Sense etiquetes, Sigues el primer a etiquetar aquest registre!

MARC

LEADER 00000cam a2200000 a 4500
001 UCE0790
003 CL-VaPUC
008 140307e20110000ag |||||||||||||||||spa|d
020 |a 9789508973276 
082 0 4 |a 363.728  |b NON  |2 21 
100 |a Nonna, Silvia  |e autor  |9 573146 
700 0 |a Waitzman, Natalia  |e author  |9 573143 
700 0 |a Dentone, José María  |e author  |9 573144 
700 0 |a Fonseca Ripani, Ezequiel  |e author  |9 573145 
245 1 0 |a Ambiente y residuos peligrosos 
250 |a 1a. ed 
300 |a 400 p 
942 |c BK 
945 |d 20140307 11:03:00  |a dcastane 
260 |a Buenos Aires  |b Estudio  |c 2011 
650 7 |a DESECHOS  |2 CL-VaPUC  |9 337398 
650 0 |a Protección del medio ambiente  |9 257626 
650 0 |a Medio ambiente  |9 257625 
650 7 |a PLANIFICACION AMBIENTAL  |2 CL-VaPUC  |9 337987 
583 |a last modification  |c 20140307 11:03:00  |k Rodrigo Vera 
999 |c 354818  |d 354816 
952 |0 0  |1 0  |3 erb  |4 0  |6 363_728000000000000_NON_2011  |7 0  |8 A  |9 461007  |a BIBDER  |b BIBDER  |i 5029430  |o 363.728 NON 2011  |p 5029430  |r 2023-01-25  |w 2019-11-23  |y BK  |z Catalogado en:20140307  |k DER